000 005670000a22001930004500
003 LK-CoMWRAF
005 20231215143824.0
008 230817t1991 ||||| |||| 00| 0 eng d
040 _aLK-CoMWRAF
_dLK-CoMWRAF
_eLK-CoMWRAF
041 _aeng
082 _a351.003
_bMER
100 _aMernissi, Fatima
245 _aCan we Women head a Muslim state
260 _aLahore:
_bSimorgh, Women's Resource and Publication Centre,
_c1991
300 _a42 p.
650 _aMuslim women- Political activity
650 _aWomen heads of state- Islamic countries
942 _cBK
999 _c2435
_d2435